Religious paychology: (Record no. 192546)
[ view plain ]
| 000 -LEADER | |
|---|---|
| fixed length control field | 00624nam a22001817a 4500 |
| 005 - DATE AND TIME OF LATEST TRANSACTION | |
| control field | 20220926170744.0 |
| 010 ## - LCCN (DPL NO) | |
| LC control number | ENG-135203 |
| 020 ## - INTERNATIONAL STANDARD BOOK NUMBER | |
| Terms of availability | 950.00 |
| International Standard Book Number | 978-81-9311-024-9 |
| 035 ## - SYSTEM CONTROL NUMBER | |
| System control number | EN-118734 |
| 037 ## - SOURCE OF ACQUISITION | |
| Source of stock number/acquisition | DBAD/PUB |
| 082 ## - DEWEY DECIMAL CLASSIFICATION NUMBER | |
| Edition number | 200 |
| 100 ## - MAIN ENTRY--PERSONAL NAME | |
| Personal name | Zinta, Roshan Lal |
| 245 ## - TITLE STATEMENT | |
| Title | Religious paychology: |
| Remainder of title | Conflicts reconciliation through possession of local deities/ |
| Statement of responsibility, etc | Roshan Lal Zinta and Dipika Negi |
| 260 ## - PUBLICATION, DISTRIBUTION, ETC. (IMPRINT) | |
| Place of publication, distribution, etc | New Delhi |
| Name of publisher, distributor, etc | Indu Book Service |
| Date of publication, distribution, etc | 2016 |
| 270 ## - ADDRESS | |
| City | New Delhi |
| Address | 4638, 1 First Floor, 21, Ansari Road, Daryaganj |
| Postal code | 110002 |
| 300 ## - PHYSICAL DESCRIPTION | |
| Extent | 135p. |
| Dimensions | 22cm(hbk) |
| Other physical details | index |
| 942 ## - ADDED ENTRY ELEMENTS (KOHA) | |
| Source of classification or shelving scheme | Dewey Decimal Classification |
| Item type | English Books |
| Classification part | 200 |
| Call number suffix | ZIN |
| Withdrawn status | Lost status | Not for loan | Collection code | Home library | Current library | Date acquired | Source of acquisition | Cost, normal purchase price | Full call number | Barcode | Copy number | Cost, replacement price | Koha item type |
|---|---|---|---|---|---|---|---|---|---|---|---|---|---|
| Non-fiction | Bawana | Bawana | 26/09/2022 | DBAD/PUB | 950.00 | 200 ZIN | EN-118735 | 1 | 950.00 | English Books |
